<?xml version="1.0" encoding="UTF-8"?>
<record
    xmlns:xsi="http://www.w3.org/2001/XMLSchema-instance"
    xsi:schemaLocation="http://www.loc.gov/MARC21/slim http://www.loc.gov/standards/marcxml/schema/MARC21slim.xsd"
    xmlns="http://www.loc.gov/MARC21/slim">

  <leader>02170nam a2200421 a 4500</leader>
  <controlfield tag="003">DO-SdBNP</controlfield>
  <controlfield tag="005">20240313092933.0</controlfield>
  <controlfield tag="007">ta</controlfield>
  <controlfield tag="008">221130e2022    dr ad||gr|||| 001 e spa d</controlfield>
  <datafield tag="020" ind1=" " ind2=" ">
    <subfield code="a">9789945015454</subfield>
  </datafield>
  <datafield tag="040" ind1=" " ind2=" ">
    <subfield code="a">DO-SdBNP</subfield>
    <subfield code="b">spa</subfield>
    <subfield code="c">BNPHU</subfield>
  </datafield>
  <datafield tag="082" ind1=" " ind2="4">
    <subfield code="2">22</subfield>
    <subfield code="b">C755s</subfield>
  </datafield>
  <datafield tag="245" ind1="0" ind2="0">
    <subfield code="a">Consecuencias socioecon&#xF3;micas del embarazo adolescente en la Rep&#xFA;blica Dominicana</subfield>
    <subfield code="b">implementaci&#xF3; de la metodolog&#xED; para estimar el impacto socioecon&#xF3;mico del embarazo y la maternidad adolescentes en pa&#xED;ses de Am&#xE9;rica Latina y el Caribe -milena 1.0</subfield>
    <subfield code="c">Coordinaci&#xF3;n y revisi&#xF3;n, Di&#xF3;genes Lamarche, Dulce Cha&#xED;n, Iv&#xE1;n Rodr&#xED;guez Bernate; Editor, Diana Batista; Pr&#xF3;logo, Sonia V&#xE1;squez</subfield>
  </datafield>
  <datafield tag="260" ind1=" " ind2=" ">
    <subfield code="a">Santo Domingo :</subfield>
    <subfield code="b">Fondo de Poblaci&#xF3;n de las naciones Unidas,</subfield>
    <subfield code="c">2022</subfield>
  </datafield>
  <datafield tag="300" ind1=" " ind2=" ">
    <subfield code="a">88 p. :</subfield>
    <subfield code="b">il., gr&#xE1;f. ;</subfield>
    <subfield code="c">2022</subfield>
  </datafield>
  <datafield tag="500" ind1=" " ind2=" ">
    <subfield code="a">165 millones de razones, un llamado a la acci&#xF3;n para la inversi&#xF3;n en adolescentes y j&#xF3;venes en Am&#xE9;rica Latina y el Caribe.</subfield>
  </datafield>
  <datafield tag="500" ind1=" " ind2=" ">
    <subfield code="a">Incluye bibliograf&#xED;a y notas al pi&#xE9; de p&#xE1;ginas.</subfield>
  </datafield>
  <datafield tag="500" ind1=" " ind2=" ">
    <subfield code="a">Incluye siglas y abreviaturas.</subfield>
  </datafield>
  <datafield tag="504" ind1=" " ind2=" ">
    <subfield code="a">Bibliograf&#xED;a: p. 84 -88</subfield>
  </datafield>
  <datafield tag="505" ind1=" " ind2=" ">
    <subfield code="a">Resumen.</subfield>
  </datafield>
  <datafield tag="505" ind1=" " ind2=" ">
    <subfield code="a">Reglas y Abreviaturas.</subfield>
  </datafield>
  <datafield tag="505" ind1=" " ind2=" ">
    <subfield code="a">Pr&#xF3;logo.</subfield>
  </datafield>
  <datafield tag="505" ind1=" " ind2=" ">
    <subfield code="a">Introducci&#xF3;n.</subfield>
    <subfield code="g">Secci&#xF3;n 1.</subfield>
    <subfield code="t">Consecuencias socioecon&#xF3;micas del embarazo en la adolescencia en la Rep&#xFA;blica Dominicana.--</subfield>
    <subfield code="g">Secci&#xF3;n 2.</subfield>
    <subfield code="t">Memoria de c&#xE1;lculo de la aplicaci&#xF3;n de la metodolog&#xED;a Milena en Rep&#xFA;blica Dominicana.--</subfield>
    <subfield code="t">Referencias</subfield>
  </datafield>
  <datafield tag="590" ind1=" " ind2=" ">
    <subfield code="a">Inventariado 2022 / MF</subfield>
  </datafield>
  <datafield tag="650" ind1=" " ind2="4">
    <subfield code="9">13981</subfield>
    <subfield code="a">Embarazo en Adolescentes</subfield>
    <subfield code="z">Rep&#xFA;blica Dominicana</subfield>
  </datafield>
  <datafield tag="650" ind1=" " ind2="4">
    <subfield code="9">383</subfield>
    <subfield code="a">Embarazo en Adolescentes</subfield>
    <subfield code="z">Am&#xE9;rica Latina.</subfield>
  </datafield>
  <datafield tag="650" ind1=" " ind2="4">
    <subfield code="9">383</subfield>
    <subfield code="a">Adolescencia</subfield>
    <subfield code="x">Aspectos Sociales</subfield>
  </datafield>
  <datafield tag="650" ind1=" " ind2="4">
    <subfield code="9">82376</subfield>
    <subfield code="a">Adolescentes</subfield>
    <subfield code="x">Aspectos econ&#xF3;micos</subfield>
  </datafield>
  <datafield tag="650" ind1=" " ind2="4">
    <subfield code="9">79717</subfield>
    <subfield code="a">Investigaci&#xF3;n</subfield>
    <subfield code="x">Metodolog&#xED;a </subfield>
  </datafield>
  <datafield tag="700" ind1="1" ind2=" ">
    <subfield code="9">75892</subfield>
    <subfield code="a">Lamarche, Di&#xF3;genes</subfield>
    <subfield code="e">coord.</subfield>
  </datafield>
  <datafield tag="700" ind1="1" ind2=" ">
    <subfield code="a">Cha&#xED;n, Dulce,</subfield>
    <subfield code="e">coord.</subfield>
    <subfield code="9">82949</subfield>
  </datafield>
  <datafield tag="700" ind1="1" ind2=" ">
    <subfield code="a">Rodr&#xED;guez Bernarte, Iv&#xE1;n,</subfield>
    <subfield code="e">coord.</subfield>
    <subfield code="9">82950</subfield>
  </datafield>
  <datafield tag="700" ind1="1" ind2=" ">
    <subfield code="a">Batista, Diana,</subfield>
    <subfield code="e">ed.</subfield>
    <subfield code="9">82951</subfield>
  </datafield>
  <datafield tag="700" ind1="1" ind2=" ">
    <subfield code="a">V&#xE1;squez, Sonia</subfield>
    <subfield code="e">pr&#xF3;l.</subfield>
    <subfield code="9">22299</subfield>
  </datafield>
  <datafield tag="710" ind1="2" ind2=" ">
    <subfield code="a">Fondo de Naciones Unidas para Actividades en Materia de Poblaci&#xF3;n</subfield>
    <subfield code="9">52170</subfield>
  </datafield>
  <datafield tag="910" ind1=" " ind2=" ">
    <subfield code="a">MFeliz</subfield>
  </datafield>
  <datafield tag="942" ind1=" " ind2=" ">
    <subfield code="2">ddc</subfield>
    <subfield code="c">LBS1</subfield>
  </datafield>
  <datafield tag="952" ind1=" " ind2=" ">
    <subfield code="0">0</subfield>
    <subfield code="1">0</subfield>
    <subfield code="2">ddc</subfield>
    <subfield code="5">1</subfield>
    <subfield code="7">0</subfield>
    <subfield code="8">PD</subfield>
    <subfield code="a">BNPHU</subfield>
    <subfield code="b">BNPHU</subfield>
    <subfield code="c">CT</subfield>
    <subfield code="d">2022-09-20</subfield>
    <subfield code="e">Dep&#xF3;sito legal / Fondo de Poblaci&#xF3;n de las Naciones Unidas.</subfield>
    <subfield code="l">0</subfield>
    <subfield code="o">C755s</subfield>
    <subfield code="p">2022-5831</subfield>
    <subfield code="r">2022-11-30</subfield>
    <subfield code="w">2022-11-30</subfield>
    <subfield code="y">LBS1</subfield>
  </datafield>
  <datafield tag="952" ind1=" " ind2=" ">
    <subfield code="0">0</subfield>
    <subfield code="1">0</subfield>
    <subfield code="2">ddc</subfield>
    <subfield code="5">1</subfield>
    <subfield code="7">0</subfield>
    <subfield code="8">PD</subfield>
    <subfield code="a">BNPHU</subfield>
    <subfield code="b">BNPHU</subfield>
    <subfield code="c">CT</subfield>
    <subfield code="d">2022-09-20</subfield>
    <subfield code="e">Dep&#xF3;sito legal / Fondo de Poblaci&#xF3;n de las Naciones Unidas.</subfield>
    <subfield code="l">0</subfield>
    <subfield code="o">C755s</subfield>
    <subfield code="p">2022-5832</subfield>
    <subfield code="r">2022-11-30</subfield>
    <subfield code="t">e.2</subfield>
    <subfield code="w">2022-11-30</subfield>
    <subfield code="y">LBS1</subfield>
  </datafield>
  <datafield tag="952" ind1=" " ind2=" ">
    <subfield code="0">0</subfield>
    <subfield code="1">0</subfield>
    <subfield code="2">ddc</subfield>
    <subfield code="5">6</subfield>
    <subfield code="7">0</subfield>
    <subfield code="8">DS</subfield>
    <subfield code="a">BNPHU</subfield>
    <subfield code="b">BNPHU</subfield>
    <subfield code="c">CT</subfield>
    <subfield code="d">2022-09-20</subfield>
    <subfield code="e">Dep&#xF3;sito legal / Fondo de Poblaci&#xF3;n de las Naciones Unidas.</subfield>
    <subfield code="l">0</subfield>
    <subfield code="o">C755s</subfield>
    <subfield code="p">2022-5833</subfield>
    <subfield code="r">2022-11-30</subfield>
    <subfield code="t">e.3</subfield>
    <subfield code="w">2022-11-30</subfield>
    <subfield code="y">LBS1</subfield>
  </datafield>
  <datafield tag="999" ind1=" " ind2=" ">
    <subfield code="c">53039</subfield>
    <subfield code="d">53039</subfield>
  </datafield>
</record>
